000 00567nam a2200193Ia 4500
005 20250923145002.0
008 008 250917s9999 xx 000 0 eng d
037 _aTextual
040 _aDSWL
_beng
_cDSWL
041 _aeng
_2eng
084 _aL90t3.N56, J9
_qDSWL
245 4 _aThe welfare of children in hospital
_cby Majesty's Stationary Office
260 _aLondon
_bHer Majesty's Stationary Office
_c1959
300 _aVI,42 p.
365 _aINR
_b3
925 _g3
942 _cTEXL
_hL90t3.N56, J9
999 _c1445707
_d1445707